000 00622nam a2200241 a 4500
001 nice12345678
003 IN_TiNIC
005 20260116011818.0
008 050524s1975 bana grp 000 0 eng
020 _a
_c100
082 0 0 _a246.7
_bPRA
100 _aPrabhu, Louella Lobo
245 _aI Have a Dream
_b a One Act Play.
260 _aBangalore
_bNational Council of Catholic Women
_c1975
300 _a37p
500 _aincludes index and biblioraphy
505 2 _aworld christian books
650 _aChristian-Drama
700 1 _aPrabhu, Louella Lobo
902 _bSRS
942 _cBK
999 _c4143
_d4143